[Event "Bogota University op 9th"]
[Site "Bogota"]
[Date "2015.10.11"]
[Round "7"]
[White "Ramirez, Heimy Polgar"]
[Black "Arias Cango, Nathaly del Cisne"]
[Result "1-0"]
[WhiteElo "2147"]
[BlackElo "1712"]
[PlyCount "64"]
[EventDate "2015.10.08"]
[EventType "swiss"]
[EventRounds "9"]
[EventCountry "COL"]
[SourceTitle "CBM 168 Extra"]
[Source "ChessBase"]
[SourceDate "2015.10.29"]
[SourceVersion "1"]
[SourceVersionDate "2015.10.29"]
[SourceQuality "1"]

1. d4 Nf6 2. g3 g6 3. Bg2 Bg7 4. c4 c5 5. Nf3 0-0 6. 0-0 cxd4 7. Nxd4 Nc6 8. Nc3 Nxd4 9. Qxd4 d6 10. Rd1 Be6 11. Bxb7 Rb8 12. Bg2 Nd5 13. Qxa7 Nxc3 14. bxc3 Bxc3 15. Bh6 Bxa1 16. Rxa1 Re8 17. Bc6 Rc8 18. Bxe8 Qxe8 19. Rc1 Rc5 20. Rb1 Bc8 21. Rb4 Re5 22. Rb8 Qc6 23. Be3 Kg7 24. Bd4 Bh3 25. Bxe5+ dxe5 26. f3 Qxc4 27. Qe3 Qd5 28. Rb1 f6 29. Kf2 Qxa2 30. Rc1 Qd5 31. g4 h5 32. Qc5 Qe6 1-0

[Event "Bogota Distrital-ch 77th"]
[Site "Bogota"]
[Date "2015.04.30"]
[Round "1"]
[White "Ramirez, Heimy Polgar"]
[Black "Motta Leon, Gerardo"]
[Result "1-0"]
[WhiteElo "2159"]
[BlackElo "2025"]
[PlyCount "25"]
[EventDate "2015.04.30"]
[EventType "swiss"]
[EventRounds "7"]
[EventCountry "COL"]
[SourceTitle "CBM 166 Extra"]
[Source "ChessBase"]
[SourceDate "2015.06.18"]
[SourceVersion "1"]
[SourceVersionDate "2015.06.18"]
[SourceQuality "1"]

1. d4 d5 2. c4 e6 3. Nc3 Nf6 4. Bg5 Be7 5. Nf3 0-0 6. cxd5 exd5 7. Qc2 c6 8. e3 Re8 9. Bxf6 Bxf6 10. Bd3 h6 11. b4 Qd6 12. Rb1 Be6 13. 0-0 1-0

[Event "Medellin Easter op"]
[Site "Medellin"]
[Date "2015.??.??"]
[Round "2"]
[White "Garavito, Miguel Angel"]
[Black "Ramirez, Heimy Polgar"]
[Result "1-0"]
[WhiteElo "2254"]
[BlackElo "2150"]
[PlyCount "75"]
[EventDate "2015.04.01"]
[EventType "swiss"]
[EventRounds "9"]
[EventCountry "COL"]
[SourceTitle "CBM 165 Extra"]
[Source "ChessBase"]
[SourceDate "2015.04.21"]
[SourceVersion "1"]
[SourceVersionDate "2015.04.21"]
[SourceQuality "1"]

1. c4 e5 2. g3 Nf6 3. Bg2 Bc5 4. Nc3 0-0 5. Nf3 e4 6. Ng5 Bxf2+ 7. Kxf2 Ng4+ 8. Kg1 Qxg5 9. Nxe4 Qe7 10. h3 Ne5 11. b3 f5 12. Nc3 Qg5 13. Qe1 f4 14. d4 Ng6 15. Nd5 Nc6 16. gxf4 Qf5 17. Qf2 Nge7 18. e4 Qf7 19. Nxc7 Rb8 20. Be3 b6 21. d5 Nd8 22. Kh2 Ng6 23. Nb5 Nxf4 24. Rhf1 Nxg2 25. Qxg2 Qg6 26. Rxf8+ Kxf8 27. Rf1+ Kg8 28. Qf3 Nf7 29. Rg1 Ne5 30. Qf4 Qh5 31. Rf1 h6 32. Qf8+ Kh7 33. Qf5+ Qxf5 34. Rxf5 Ng6 35. Bd4 Kg8 36. Nd6 Nh8 37. Re5 Ba6 38. Re7 1-0